| 000 | 01188nam a2200337 i 4500 | ||
|---|---|---|---|
| 001 | 41501 | ||
| 003 | KOSZ 005 | ||
| 005 | 20211105125949.0 | ||
| 008 | 011026s2001 pl a f |000 0 pol | ||
| 015 | _aPB 2002/4575 | ||
| 020 | _a8370855849 | ||
| 040 |
_aWA N _cWA N _dKOSZ 005/HR |
||
| 041 | 0 | _apol | |
| 046 | _k2001 | ||
| 080 | _a629.33-047.43 | ||
| 080 | _a629.33-192 | ||
| 100 | 1 |
_aWrzecioniarz, Piotr Antoni _eAutor |
|
| 245 | 1 | 0 |
_aDiagnostyka pojazdów samochodowych / _cPiotr A. Wrzecioniarz i współprcownicy. |
| 260 |
_aWrocław : _bOficyna Wydawnicza Politechniki Wrocławskiej, _c2001. |
||
| 300 |
_a394 s. : _bil. ; _c24 cm. |
||
| 380 | _aKsiążki | ||
| 388 | _a2001- | ||
| 504 | _aBibliogr. przy rozdz. | ||
| 650 | 4 | _aSamochody | |
| 650 | 4 | _aDiagnostyka techniczna | |
| 658 | _aInżynieria i technika | ||
| 710 | 2 |
_aOficyna Wydawnicza Politechniki Wrocławskiej _4pbl. |
|
| 856 |
_uhttp://koha.tu.koszalin.pl/cgi-bin/koha/opac-detail.pl?biblionumber=41501 _yKatalog online BPK |
||
| 856 |
_uhttp://dlibra.tu.koszalin.pl/dlibra/docmetadata?id=661&from=&dirids=1&ver_id=&lp=1&QI= _yBiblioteka Cyfrowa |
||
| 942 |
_2UKD _cKS |
||
| 999 |
_c41501 _d41501 |
||